000 00726nam a2200241Ia 4500
003 OSt
005 20220923212320.0
006 a|||||r|||| 00| 0
007 ta
008 220922b |||||||| |||| 00| 0 hin d
024 _a152,135
037 _cTextual
040 _aARTS
_cARTS
_bhin
041 _2hin
_ahin
082 _a/\2:3, 152M1
100 _aशर्मा, कुमारी हरीश
245 0 _aयोग दीपिका
246 _aYog dīpikā
260 _aदिल्ली
_b कमला पब्लि हाउस
_c1985
300 _a190पृ.
_ccm.
942 _h/\2:3, 152M1
_cTEXL
_2CC
999 _c307807
_d307807